Normal view
MARC view
- H Horiuchi, M Kamimura, H Toki, Y Fujiwara, M Matsuo, Y Sakuragi
Entry Personal Name
001 - CONTROL NUMBER
- control field: 20546
003 - CONTROL NUMBER IDENTIFIER
- control field: NUST
005 - DATE AND TIME OF LATEST TRANSACTION
- control field: 20190913055333.0
008 - FIXED-LENGTH DATA ELEMENTS
- fixed length control field: 190913|| aca||aabn | a|a d
040 ## - CATALOGING SOURCE
- Original cataloging agency: NUST
- Transcribing agency: NUST
100 ## - HEADING--PERSONAL NAME
- Personal name: H Horiuchi, M Kamimura, H Toki, Y Fujiwara, M Matsuo, Y Sakuragi
670 ## - SOURCE DATA FOUND
- Source citation: Work cat.: (NUST): H Horiuchi, M Kamimura, H Toki, Y Fujiwara, M Matsuo, Y Sakuragi, Proceedings of the XVII RCNP international Symposium on Innovative Computational Methods in Nuclear Many Body Problems , 1998
